Sex ratio in Punjab: alarming ramifications of population trends (Record no. 84152)

000 -LEADER
fixed length control field 00953pab a2200181 454500
008 - FIXED-LENGTH DATA ELEMENTS--GENERAL INFORMATION
fixed length control field 180718b2009 xxu||||| |||| 00| 0 eng d
100 ## - MAIN ENTRY--PERSONAL NAME
Personal name Satinder Kumar
245 ## - TITLE STATEMENT
Title Sex ratio in Punjab: alarming ramifications of population trends
260 ## - PUBLICATION, DISTRIBUTION, ETC.
Date of publication, distribution, etc. 2009
300 ## - PHYSICAL DESCRIPTION
Extent p.509-19.
362 ## - DATES OF PUBLICATION AND/OR SEQUENTIAL DESIGNATION
Dates of publication and/or sequential designation Apr-Jun
520 ## - SUMMARY, ETC.
Summary, etc. The paper aims at discussing the issue dividing it in section (1) Indian scene of sex ratio and its reflection on Punjab's demography and, section (2), forces behind declining sex ratio. Past and the latest census of India have been consulted. Along with that, some national as well as international reports have been referred too. A socio-economic analysis has been made with the help of views provided by imminent researchers, economists and sociologists. - Reproduced.
650 ## - SUBJECT ADDED ENTRY--TOPICAL TERM
Topical term or geographic name entry element Sex distribution - India - Punjab
650 ## - SUBJECT ADDED ENTRY--TOPICAL TERM
Topical term or geographic name entry element Sex distribution
773 ## - HOST ITEM ENTRY
Main entry heading Indian Journal of Political Science
908 ## - PUT COMMAND PARAMETER (RLIN)
Put command parameter N
909 ## -
-- 84152
Holdings
Withdrawn status Lost status Damaged status Not for loan Permanent Location Current Location Date acquired Serial Enumeration / chronology Barcode Date last seen Price effective from Koha item type
        Indian Institute of Public Administration Indian Institute of Public Administration 2018-07-19 Volume no: 70, Issue no: 2 AR84612 2018-07-19 2018-07-19 Articles

Powered by Koha